Normal view
MARC view
- MIRACLES OCCULTISM SPIRITUAL LIFE
Entry Topical Term
001 - CONTROL NUMBER
- control field: 79215
003 - CONTROL NUMBER IDENTIFIER
- control field: NUST
005 - DATE AND TIME OF LATEST TRANSACTION
- control field: 20210628210409.0
008 - FIXED-LENGTH DATA ELEMENTS
- fixed length control field: 210628|| aca||aabn | a|a d
040 ## - CATALOGING SOURCE
- Original cataloging agency: NUST
- Transcribing agency: NUST
150 ## - HEADING--TOPICAL TERM
- Topical term or geographic name entry element: MIRACLES OCCULTISM SPIRITUAL LIFE
670 ## - SOURCE DATA FOUND
- Source citation: Work cat.: (NUST): Spangler, Davi 79214, Everyday miracls the inner art of manifestatio, 1996
